[Event "Plzen op-A U18"]
[Site "Plzen"]
[Date "1996.??.??"]
[Round "7"]
[White "Sluka, Radek"]
[Black "Dolezal, Radoslav Jr"]
[Result "0-1"]
[WhiteElo "2350"]
[BlackElo "2270"]
[PlyCount "74"]
[EventDate "1996.??.??"]
[EventRounds "9"]
[EventCountry "CZE"]
[Source "ChessBase"]
[SourceDate "1996.11.15"]

1. e4 e5 2. d4 exd4 3. Qxd4 Nc6 4. Qe3 Nf6 5. Nc3 Bb4 6. Bd2 O-O 7. O-O-O d6 8.
Qg3 Ne5 9. f3 Be6 10. h4 Kh8 11. h5 h6 12. Qh2 c6 13. g4 Nh7 14. Qg3 b5 15. Nh3
Qa5 16. f4 Nc4 17. Bxc4 Bxc4 18. g5 Bxa2 19. f5 Bc4 20. Rdg1 Qa1+ 21. Nb1 Bxd2+
22. Kxd2 Qxb2 23. Qe3 Rae8 24. gxh6 gxh6 25. Nc3 b4 26. Nd1 Qf6 27. Nf4 Ng5 28.
Rxg5 hxg5 29. Ng6+ fxg6 30. hxg6+ Kg8 31. Qh3 Qg7 32. Qf3 Qd4+ 33. Kc1 Rxe4 34.
Qh5 Qa1+ 35. Kd2 Re2+ 36. Qxe2 Bxe2 37. Kxe2 Rxf5 0-1

[Event "Plzen op-A U18"]
[Site "Plzen"]
[Date "1996.??.??"]
[Round "4"]
[White "Sluka, Radek"]
[Black "Jirovsky, Petr"]
[Result "1-0"]
[WhiteElo "2350"]
[BlackElo "2305"]
[PlyCount "93"]
[EventDate "1996.??.??"]
[EventRounds "9"]
[EventCountry "CZE"]
[Source "ChessBase"]
[SourceDate "1996.11.15"]

1. e4 c5 2. Nf3 d6 3. d4 cxd4 4. Nxd4 Nf6 5. Nc3 a6 6. Bc4 e6 7. Bb3 b5 8. O-O
Be7 9. Qf3 Qc7 10. Qg3 Nc6 11. Nxc6 Qxc6 12. Re1 Bb7 13. f3 O-O 14. Bh6 Ne8 15.
Rad1 Bf6 16. Kh1 a5 17. a4 Bxc3 18. bxc3 bxa4 19. Ba2 Qxc3 20. Bg5 Qxc2 21. Rd2
Qc7 22. f4 Kh8 23. f5 f6 24. Be3 e5 25. Qh4 d5 26. exd5 Nd6 27. Rf2 Qd7 28. Rf3
e4 29. Rh3 Qxf5 30. Kg1 Ba6 31. Bc5 Rfd8 32. Qg3 Nf7 33. Be7 Rd7 34. d6 Ng5 35.
Rh4 Rc8 36. Rf4 Qg6 37. Kh1 Rc2 38. Bb1 Rc4 39. h4 Nf7 40. Rg4 Qh6 41. Ba2 Ne5
42. Bxc4 Bxc4 43. Rgxe4 Qd2 44. Rf4 Bd5 45. Rxf6 Bxg2+ 46. Qxg2 Qxe1+ 47. Rf1
1-0

[Event "Plzen op-A U18"]
[Site "Plzen"]
[Date "1996.??.??"]
[Round "2"]
[White "Sluka, Radek"]
[Black "Koubkova, Alena"]
[Result "1-0"]
[WhiteElo "2350"]
[BlackElo "1900"]
[PlyCount "51"]
[EventDate "1996.??.??"]
[EventRounds "9"]
[EventCountry "CZE"]
[Source "ChessBase"]
[SourceDate "1996.11.15"]

1. e4 d5 2. exd5 Nf6 3. d4 Nxd5 4. c4 Nb6 5. Be3 g6 6. Nf3 Bg7 7. Nc3 O-O 8. h3
Nc6 9. Rc1 e5 10. d5 Ne7 11. Be2 Nf5 12. Bc5 Re8 13. O-O Nd7 14. Ba3 e4 15. Nh2
e3 16. f4 Nf6 17. g4 Nd6 18. Rf3 b6 19. Qd3 Ba6 20. b3 Qd7 21. Nd1 b5 22. c5
Nde4 23. Nxe3 Rad8 24. c6 Qc8 25. Bb4 Nd6 26. Bf1 1-0

[Event "Plzen op-A U18"]
[Site "Plzen"]
[Date "1996.??.??"]
[Round "9"]
[White "Sluka, Radek"]
[Black "Suran, Jan"]
[Result "1-0"]
[WhiteElo "2350"]
[BlackElo "2315"]
[PlyCount "73"]
[EventDate "1996.??.??"]
[EventRounds "9"]
[EventCountry "CZE"]
[Source "ChessBase"]
[SourceDate "1996.11.15"]

1. e4 c5 2. Nf3 e6 3. d4 cxd4 4. Nxd4 Nc6 5. g3 a6 6. Bg2 Qc7 7. O-O Nf6 8. c4
d6 9. Nc3 Bd7 10. b3 Be7 11. Bb2 O-O 12. Rc1 Nxd4 13. Qxd4 Rac8 14. Rfd1 Rfd8
15. h3 Qb8 16. a4 Bf8 17. Kh2 Bc6 18. a5 Be8 19. Ba3 Qc7 20. Bb4 Nd7 21. Qe3
Ne5 22. Ne2 h5 23. Bc3 h4 24. Bd4 hxg3+ 25. Nxg3 Nd7 26. b4 g6 27. Rc3 e5 28.
Ba7 d5 29. Bb6 Nxb6 30. axb6 Qe7 31. exd5 Qxb4 32. Ne4 Rxc4 33. Rxc4 Qxc4 34.
Qg5 Ra8 35. Nf6+ Kh8 36. Qxe5 Bg7 37. Rd4 1-0

[Event "Plzen op-A U18"]
[Site "Plzen"]
[Date "1996.??.??"]
[Round "6"]
[White "Sluka, Radek"]
[Black "Tupy, Martin"]
[Result "1-0"]
[WhiteElo "2350"]
[BlackElo "2250"]
[PlyCount "64"]
[EventDate "1996.??.??"]
[EventRounds "9"]
[EventCountry "CZE"]
[Source "ChessBase"]
[SourceDate "1996.11.15"]

1. e4 c5 2. Nf3 d6 3. c3 Nf6 4. Bd3 Nc6 5. h3 g6 6. O-O Bg7 7. Qe2 O-O 8. Bc2
e5 9. d3 Rb8 10. a4 h6 11. Re1 Be6 12. Nbd2 Re8 13. Nf1 d5 14. N3h2 Qd7 15. Ne3
Rbd8 16. Nhg4 d4 17. Nxf6+ Bxf6 18. Ng4 Bxg4 19. hxg4 Bg5 20. Rd1 Qe6 21. g3
Bxc1 22. Raxc1 Kg7 23. Kg2 Rh8 24. Rh1 b6 25. Qd1 c4 26. Qe2 Na5 27. Rcd1 dxc3
28. bxc3 cxd3 29. Bxd3 Rc8 30. Bb1 Qc4 31. Qf3 Rc7 32. Rd6 Re8 1-0

[Event "Plzen op-A U18"]
[Site "Plzen"]
[Date "1996.??.??"]
[Round "8"]
[White "Soln, Primoz"]
[Black "Jirovsky, Petr"]
[Result "1-0"]
[WhiteElo "2330"]
[BlackElo "2305"]
[PlyCount "65"]
[EventDate "1996.??.??"]
[EventRounds "9"]
[EventCountry "CZE"]
[Source "ChessBase"]
[SourceDate "1996.11.15"]

1. d4 Nf6 2. c4 g6 3. Nc3 Bg7 4. e4 d6 5. Bd3 O-O 6. Nge2 e5 7. d5 Nbd7 8. O-O
Nc5 9. Bc2 a5 10. h3 Ne8 11. Be3 b6 12. Qd2 f5 13. exf5 Bxf5 14. Bxf5 Rxf5 15.
Ng3 Rf7 16. Nge4 Nxe4 17. Nxe4 Bf6 18. f4 Ng7 19. g4 exf4 20. Rxf4 Qe7 21.
Nxf6+ Rxf6 22. Rxf6 Qxf6 23. Rf1 Qh4 24. Rf3 Qe7 25. Bg5 Qd7 26. Qf4 h5 27. Kg2
Qe8 28. Re3 Qa4 29. Re7 Qc2+ 30. Kg3 Kh7 31. Rxg7+ Kxg7 32. Qf6+ Kg8 33. Qe6+
1-0

[Event "Plzen op-A U18"]
[Site "Plzen"]
[Date "1996.??.??"]
[Round "3"]
[White "Soln, Primoz"]
[Black "Rehak, Martin"]
[Result "1/2-1/2"]
[WhiteElo "2330"]
[BlackElo "2215"]
[PlyCount "55"]
[EventDate "1996.??.??"]
[EventRounds "9"]
[EventCountry "CZE"]
[Source "ChessBase"]
[SourceDate "1996.11.15"]

1. d4 Nf6 2. c4 g6 3. Nc3 Bg7 4. e4 d6 5. h3 O-O 6. Bg5 c5 7. d5 h6 8. Be3 b5
9. cxb5 a6 10. a4 Qa5 11. Bd2 Qb4 12. Bd3 c4 13. Bc2 Nfd7 14. Nge2 Nc5 15. O-O
Nbd7 16. Na2 Qxb2 17. Rb1 Qxa2 18. Nc1 Qxb1 19. Bxb1 axb5 20. axb5 Rb8 21. Ne2
Rxb5 22. Bc3 Ne5 23. f4 Ned3 24. Bxg7 Kxg7 25. Ba2 Rb4 26. Nc3 Ba6 27. f5 Rb2
28. fxg6 1/2-1/2

[Event "Plzen op-A U18"]
[Site "Plzen"]
[Date "1996.??.??"]
[Round "1"]
[White "Soln, Primoz"]
[Black "Rozmbersky, David"]
[Result "1-0"]
[WhiteElo "2230"]
[BlackElo "2025"]
[PlyCount "51"]
[EventDate "1996.??.??"]
[EventRounds "9"]
[EventCountry "CZE"]
[Source "ChessBase"]
[SourceDate "1996.11.15"]

1. d4 Nf6 2. c4 e6 3. Nf3 b6 4. Nc3 Bb7 5. a3 Be7 6. Bf4 Ne4 7. Qc2 Nxc3 8.
bxc3 d6 9. e4 g5 10. Be3 g4 11. Nd2 Bg5 12. Qd3 Qf6 13. Be2 Bxe3 14. Qxe3 Rg8
15. h3 gxh3 16. g3 Nd7 17. Rxh3 O-O-O 18. Rxh7 Rh8 19. Rxh8 Qxh8 20. O-O-O d5
21. cxd5 exd5 22. e5 Qf8 23. Kb2 c5 24. Rh1 Qe7 25. Rh7 c4 26. Bg4 1-0

[Event "Plzen op-A U18"]
[Site "Plzen"]
[Date "1996.??.??"]
[Round "6"]
[White "Soln, Primoz"]
[Black "Voller, Jiri"]
[Result "1/2-1/2"]
[WhiteElo "2330"]
[BlackElo "2250"]
[PlyCount "63"]
[EventDate "1996.??.??"]
[EventRounds "9"]
[EventCountry "CZE"]
[Source "ChessBase"]
[SourceDate "1996.11.15"]

1. d4 Nf6 2. c4 g6 3. Nc3 Bg7 4. e4 d6 5. f3 O-O 6. Bg5 Nc6 7. Nge2 a6 8. Qd2
Rb8 9. Rc1 Bd7 10. b3 Re8 11. d5 Na5 12. Nd1 c5 13. Bh6 Bh8 14. g4 e6 15. dxe6
Bxe6 16. Bf4 Bxg4 17. Bg2 Be6 18. Bxd6 Rc8 19. Ne3 Nd7 20. O-O Ne5 21. f4 Ng4
22. e5 Nxe3 23. Qxe3 Bxc4 24. Rfd1 Bxe2 25. Qxe2 Qh4 26. Rf1 Nc6 27. Rxc5 Nd4
28. Qc4 Rxc5 29. Bxc5 Ne6 30. Bd6 b5 31. Qc6 Rd8 32. Bd5 1/2-1/2

[Event "Plzen op-A U18"]
[Site "Plzen"]
[Date "1996.??.??"]
[Round "1"]
[White "Sott, Pavel"]
[Black "Jurasek, Miroslav"]
[Result "0-1"]
[WhiteElo "1935"]
[BlackElo "2270"]
[PlyCount "72"]
[EventDate "1996.??.??"]
[EventRounds "9"]
[EventCountry "CZE"]
[Source "ChessBase"]
[SourceDate "1996.11.15"]

1. e4 c5 2. Nf3 d6 3. d4 cxd4 4. Nxd4 Nf6 5. Nc3 Nc6 6. Bc4 e6 7. O-O Be7 8.
Be3 a6 9. f4 O-O 10. Bb3 Nxd4 11. Bxd4 b5 12. e5 Ne8 13. Qf3 Rb8 14. Rad1 Qc7
15. Kh1 Bb7 16. Qg4 g6 17. Rd3 b4 18. Rh3 bxc3 19. exd6 Qxd6 20. Be5 Qd2 21. f5
Nf6 22. fxg6 hxg6 23. Rg1 cxb2 24. Bxb2 Rbd8 25. Qg3 Kg7 26. Rf1 Rh8 27. Bc3
Rxh3 28. Qxh3 Bxg2+ 29. Qxg2 Qxc3 30. Qf2 Qc6+ 31. Kg1 Bc5 32. c4 Bxf2+ 33.
Rxf2 Qc5 34. Kf1 Qe3 35. Kg2 Rd2 36. Rxd2 Qxd2+ 0-1

[Event "Plzen op-A U18"]
[Site "Plzen"]
[Date "1996.??.??"]
[Round "8"]
[White "Sott, Pavel"]
[Black "Koubkova, Alena"]
[Result "1-0"]
[WhiteElo "1935"]
[BlackElo "1900"]
[PlyCount "65"]
[EventDate "1996.??.??"]
[EventRounds "9"]
[EventCountry "CZE"]
[Source "ChessBase"]
[SourceDate "1996.11.15"]

1. e4 d5 2. exd5 Nf6 3. c4 c6 4. d4 cxd5 5. Nc3 Nc6 6. Nf3 e6 7. c5 Be7 8. Bb5
O-O 9. O-O Qc7 10. Bxc6 bxc6 11. b4 Nd7 12. Re1 Bf6 13. Bg5 Re8 14. b5 Bb7 15.
Bxf6 Nxf6 16. a4 Nd7 17. bxc6 Qxc6 18. Nb5 Ba6 19. Nd6 Re7 20. Rb1 e5 21. Qb3
Kf8 22. Ng5 h6 23. Qh3 f6 24. Qf5 hxg5 25. Qh7 Rf7 26. Qg6 Re7 27. Re3 g4 28.
Qh7 Rf7 29. Qg6 Re7 30. Rbe1 Bc4 31. h3 Ba6 32. hxg4 Kg8 33. Rh3 1-0

[Event "Plzen op-A U18"]
[Site "Plzen"]
[Date "1996.??.??"]
[Round "3"]
[White "Sott, Pavel"]
[Black "Kovar, Vojtech"]
[Result "0-1"]
[WhiteElo "1930"]
[BlackElo "1905"]
[PlyCount "102"]
[EventDate "1996.??.??"]
[EventRounds "9"]
[EventCountry "CZE"]
[Source "ChessBase"]
[SourceDate "1996.11.15"]

1. e4 c5 2. Nf3 d6 3. d4 cxd4 4. Nxd4 Nf6 5. Nc3 a6 6. Bc4 Nc6 7. O-O e6 8. Bb3
Be7 9. Be3 O-O 10. f4 Qc7 11. Qf3 Nxd4 12. Bxd4 b5 13. e5 Bb7 14. Qg3 Nh5 15.
Qg4 g6 16. Rae1 d5 17. Ne2 a5 18. c3 Ba6 19. Rc1 Rfc8 20. Be3 Ng7 21. Nd4 Qd7
22. Rfd1 a4 23. Bc2 a3 24. b3 Rxc3 25. Bd2 Rcc8 26. Kh1 Bc5 27. Be3 b4 28. Bb1
Rc7 29. Qf3 Rac8 30. g4 Bb6 31. Rxc7 Rxc7 32. h4 Rc3 33. h5 Qa7 34. Qf2 Qc7 35.
Qg1 Be2 36. Re1 Bd3 37. Bxd3 Rxd3 38. Rc1 Rc3 39. Rd1 Bxd4 40. Rxd4 Qb7 41. Bd2
Rc2 42. Rxb4 Qc7 43. Be3 d4 44. Bf2 Rc1 45. Rb8+ Ne8 46. Rxe8+ Kg7 47. Be1 Qc6+
48. Kh2 Qxe8 49. h6+ Kg8 50. Qg3 Rc2+ 51. Kh3 Qc6 0-1

[Event "Plzen op-A U18"]
[Site "Plzen"]
[Date "1996.??.??"]
[Round "9"]
[White "Soukup, Jiri"]
[Black "Kupka, Frantisek"]
[Result "0-1"]
[WhiteElo "1845"]
[BlackElo "2000"]
[PlyCount "116"]
[EventDate "1996.??.??"]
[EventRounds "9"]
[EventCountry "CZE"]
[Source "ChessBase"]
[SourceDate "1996.11.15"]

1. e4 c5 2. Nf3 d6 3. d4 cxd4 4. Nxd4 Nf6 5. Nc3 a6 6. Bg5 e6 7. Qd2 Be7 8. Be2
Nbd7 9. Be3 Qc7 10. O-O b5 11. a3 Bb7 12. f3 Ne5 13. a4 bxa4 14. Nxa4 O-O 15.
b4 Rfc8 16. Rfc1 Nfd7 17. c4 Nc6 18. Nb3 Rd8 19. b5 Nce5 20. b6 Qc8 21. Qe1 Nc6
22. Qg3 Nf6 23. Rd1 Qb8 24. Nd4 Nxd4 25. Bxd4 Bc6 26. b7 Bxb7 27. Rab1 e5 28.
Be3 Nd7 29. Rb2 Qc8 30. Rdb1 Bc6 31. Nb6 Nxb6 32. Rxb6 Qc7 33. R6b2 Rdb8 34.
Bb6 Qd7 35. Qf2 Bd8 36. c5 Be7 37. Rd2 Qe6 38. Rbd1 dxc5 39. Bxc5 Bb5 40. Bxb5
axb5 41. Bxe7 Qxe7 42. h3 Rd8 43. Qb6 Rxd2 44. Rxd2 Qe8 45. Kf2 Rb8 46. Qc5 Rc8
47. Qb4 h6 48. Rd5 Rb8 49. Kg1 Kh7 50. Kh2 f6 51. Kg1 Qc6 52. Kh2 Rb7 53. Rd8
Rd7 54. Rb8 Qc1 55. Qxb5 Qf4+ 56. Kg1 Rd1+ 57. Kf2 Rd2+ 58. Kg1 Qe3+ 0-1

[Event "Plzen op-A U18"]
[Site "Plzen"]
[Date "1996.??.??"]
[Round "3"]
[White "Soukup, Jiri"]
[Black "Petek, Pavel"]
[Result "0-1"]
[WhiteElo "1845"]
[BlackElo "2175"]
[PlyCount "64"]
[EventDate "1996.??.??"]
[EventRounds "9"]
[EventCountry "CZE"]
[Source "ChessBase"]
[SourceDate "1996.11.15"]

1. e4 e5 2. Nf3 Nc6 3. Bc4 Nf6 4. d4 exd4 5. O-O Bc5 6. e5 d5 7. exf6 dxc4 8.
Re1+ Be6 9. fxg7 Rg8 10. Ng5 Qd5 11. Nxh7 Be7 12. f4 Rxg7 13. Ng5 O-O-O 14. Qf3
Qxf3 15. Nxf3 Bd5 16. Kf2 d3 17. c3 Bc5+ 18. Be3 Bxe3+ 19. Rxe3 Bxf3 20. Kxf3
d2 21. Nxd2 Rxd2 22. b3 Rgxg2 23. Rae1 Rdf2+ 24. Ke4 Rxa2 25. b4 Rxh2 26. b5
Nd8 27. Kf5 Rh5+ 28. Kf6 Rxb5 29. Re8 Rd2 30. R1e7 Rd6+ 31. Kg7 Rg6+ 32. Kf8
Rh5 0-1

[Event "Plzen op-A U18"]
[Site "Plzen"]
[Date "1996.??.??"]
[Round "1"]
[White "Soukup, Jiri"]
[Black "Stankova, Zuzana"]
[Result "1-0"]
[WhiteElo "1885"]
[BlackElo "2105"]
[PlyCount "61"]
[EventDate "1996.??.??"]
[EventRounds "9"]
[EventCountry "CZE"]
[Source "ChessBase"]
[SourceDate "1996.11.15"]

1. e4 c5 2. Nf3 Nc6 3. d4 cxd4 4. Nxd4 Nf6 5. Nc3 e5 6. Ndb5 d6 7. Bg5 a6 8.
Na3 b5 9. Nd5 Be7 10. Bxf6 Bxf6 11. c3 Rb8 12. Nc2 Bg5 13. Be2 O-O 14. O-O g6
15. Kh1 f5 16. exf5 gxf5 17. Ncb4 Bb7 18. Nxc6 Bxc6 19. Qb3 Kh8 20. Rad1 f4 21.
Bf3 Qd7 22. Qb4 Rb7 23. Rfe1 Bd8 24. Rd2 a5 25. Qe4 a4 26. Qb4 Qf7 27. Qxd6 e4
28. Bxe4 Qe8 29. Rde2 Be7 30. Nxe7 Rxe7 31. Qxc6 1-0

[Event "Plzen op-A U18"]
[Site "Plzen"]
[Date "1996.??.??"]
[Round "5"]
[White "Soukup, Jiri"]
[Black "Taus, Martin"]
[Result "0-1"]
[WhiteElo "1845"]
[BlackElo "2160"]
[PlyCount "64"]
[EventDate "1996.??.??"]
[EventRounds "9"]
[EventCountry "CZE"]
[Source "ChessBase"]
[SourceDate "1996.11.15"]

1. e4 e6 2. d4 d5 3. Nc3 Bb4 4. e5 c5 5. Be3 Qa5 6. Bb5+ Qxb5 7. Nge2 cxd4 8.
Qxd4 Qc4 9. Qd2 Nc6 10. f4 Nh6 11. b3 Qa6 12. O-O Nf5 13. Rf2 Nxe3 14. Qxe3 Qb6
15. Qxb6 axb6 16. Nb5 Ra5 17. Nbd4 Nxd4 18. Nxd4 Bc3 19. Rd1 Bxd4 20. Rxd4 Rxa2
21. g4 g6 22. Rb4 Ra6 23. Rd2 Bd7 24. Kf2 Ke7 25. Kg3 h5 26. g5 Rc8 27. c4 Rc5
28. Kf3 dxc4 29. bxc4 Bc6+ 30. Ke3 Ra3+ 31. Kd4 Rf3 32. Rxb6 Ra5 0-1

[Event "Plzen op-A U18"]
[Site "Plzen"]
[Date "1996.??.??"]
[Round "4"]
[White "Spirek, Adam"]
[Black "Klimes, Martin"]
[Result "1-0"]
[WhiteElo "1895"]
[BlackElo "2030"]
[PlyCount "97"]
[EventDate "1996.??.??"]
[EventRounds "9"]
[EventCountry "CZE"]
[Source "ChessBase"]
[SourceDate "1996.11.15"]

1. e4 e6 2. d3 d5 3. Nd2 Bc5 4. e5 Nc6 5. Ngf3 Bb6 6. c3 Nge7 7. g3 d4 8. Nc4
Ng6 9. Bg2 O-O 10. O-O a6 11. Nxb6 cxb6 12. Qe2 dxc3 13. bxc3 Qc7 14. Ba3 Re8
15. Bd6 Qd8 16. h4 Nge7 17. Ng5 h6 18. Ne4 Nf5 19. d4 Nxd6 20. Nxd6 Rf8 21. Qh5
f6 22. f4 Kh7 23. Be4+ f5 24. Bd3 g6 25. Qd1 h5 26. a4 Qc7 27. Qb3 Bd7 28. Nc4
b5 29. axb5 axb5 30. Qxb5 Nxd4 31. Qb6 Qxb6 32. Nxb6 Rxa1 33. Rxa1 Bb5 34. cxd4
Bxd3 35. d5 exd5 36. Nxd5 Bc4 37. Nf6+ Kg7 38. Rd1 Rf7 39. Rd7 Rxd7 40. Nxd7
Kf7 41. Nb6 Bb5 42. Kf2 Ke7 43. Ke3 Bc6 44. Kd4 Kd8 45. Kc5 Kc7 46. Nd5+ Kd7
47. Nb4 Kc7 48. Nxc6 bxc6 49. e6 1-0

[Event "Plzen op-A U18"]
[Site "Plzen"]
[Date "1996.??.??"]
[Round "7"]
[White "Spirek, Adam"]
[Black "Mazur, David"]
[Result "1-0"]
[WhiteElo "1895"]
[BlackElo "1960"]
[PlyCount "67"]
[EventDate "1996.??.??"]
[EventRounds "9"]
[EventCountry "CZE"]
[Source "ChessBase"]
[SourceDate "1996.11.15"]

1. e4 e5 2. Bc4 Nc6 3. Nf3 d6 4. h3 Be7 5. O-O Nf6 6. Re1 O-O 7. d3 Na5 8. Nbd2
Nd7 9. d4 exd4 10. Nxd4 Nxc4 11. Nxc4 Ne5 12. Ne3 g6 13. f4 Nc6 14. Nf3 Bf6 15.
Nd5 Bg7 16. g4 h6 17. c3 Ne7 18. Nxe7+ Qxe7 19. f5 Kh7 20. Bf4 Bd7 21. h4 Bc6
22. g5 Qd7 23. gxh6 Bf6 24. Bg5 Bxg5 25. Nxg5+ Kxh6 26. f6 d5 27. Qf3 dxe4 28.
Qf4 Qf5 29. Nxf7+ Kh5 30. Qh6+ Kg4 31. Rf1 Qc5+ 32. Kh2 g5 33. Rg1+ Kf3 34.
Qh5+ 1-0

[Event "Plzen op-A U18"]
[Site "Plzen"]
[Date "1996.??.??"]
[Round "6"]
[White "Spirek, Adam"]
[Black "Novak, Pavel"]
[Result "0-1"]
[WhiteElo "1895"]
[BlackElo "2005"]
[PlyCount "66"]
[EventDate "1996.??.??"]
[EventRounds "9"]
[EventCountry "CZE"]
[Source "ChessBase"]
[SourceDate "1996.11.15"]

1. e4 e5 2. Nc3 Nf6 3. f4 d5 4. fxe5 Nxe4 5. Nf3 Be7 6. g3 h5 7. Qe2 h4 8. Nxe4
dxe4 9. Qxe4 hxg3 10. Bg2 gxh2 11. Rxh2 Rxh2 12. Nxh2 Bh4+ 13. Kd1 Nc6 14. Nf3
Be7 15. d3 Be6 16. Be3 Qd5 17. Qxd5 Bxd5 18. d4 O-O-O 19. c3 Bxf3+ 20. Bxf3
Nxe5 21. Be2 Rh8 22. dxe5 Rh1+ 23. Kd2 Rxa1 24. Bc4 f6 25. exf6 Bxf6 26. Be6+
Kd8 27. a3 Ke7 28. Bd5 b6 29. Bf4 Kd7 30. Bg2 g5 31. Bh3+ Kd8 32. Be3 Rh1 33.
Be6 Rh2+ 0-1

[Event "Plzen op-A U18"]
[Site "Plzen"]
[Date "1996.??.??"]
[Round "9"]
[White "Spirek, Adam"]
[Black "Simacek, Pavel"]
[Result "1/2-1/2"]
[WhiteElo "1895"]
[BlackElo "2285"]
[PlyCount "52"]
[EventDate "1996.??.??"]
[EventRounds "9"]
[EventCountry "CZE"]
[Source "ChessBase"]
[SourceDate "1996.11.15"]

1. e4 g6 2. d3 Bg7 3. g3 d5 4. Nd2 dxe4 5. dxe4 e5 6. Bg2 Nf6 7. Ngf3 Nbd7 8.
O-O O-O 9. Re1 Qe7 10. b3 Nc5 11. Bb2 Nfd7 12. Nc4 a5 13. a4 Rd8 14. Qe2 f6 15.
Ne3 c6 16. Rad1 b6 17. Nc4 Ba6 18. Bf1 Bf8 19. Qe3 Qe6 20. h4 Nb7 21. h5 Bc5
22. Qh6 Qg4 23. Kg2 Bf8 24. Qe3 Bc5 25. Qh6 gxh5 26. Rxd7 Rxd7 1/2-1/2

[Event "Plzen op-A U18"]
[Site "Plzen"]
[Date "1996.??.??"]
[Round "2"]
[White "Spirek, Adam"]
[Black "Tupy, Martin"]
[Result "1/2-1/2"]
[WhiteElo "1895"]
[BlackElo "2250"]
[PlyCount "53"]
[EventDate "1996.??.??"]
[EventRounds "9"]
[EventCountry "CZE"]
[Source "ChessBase"]
[SourceDate "1996.11.15"]

1. e4 c5 2. Nc3 Nc6 3. g3 e6 4. Bg2 Nge7 5. d3 d5 6. exd5 Nxd5 7. Nge2 Be7 8.
Nxd5 exd5 9. Nf4 d4 10. Nd5 Be6 11. Nxe7 Qxe7 12. O-O O-O 13. a3 Qd7 14. Qh5 b6
15. Bf4 Rad8 16. Rfe1 Ne7 17. Qe2 Ng6 18. Bg5 Rde8 19. h4 f6 20. Bd2 Bg4 21.
Qf1 Ne5 22. f4 Nc6 23. Rxe8 Rxe8 24. Re1 Ne7 25. Bf3 Kf8 26. b4 Bh3 27. Qe2
1/2-1/2

[Event "Plzen op-A U18"]
[Site "Plzen"]
[Date "1996.??.??"]
[Round "6"]
[White "Stankova, Zuzana"]
[Black "Blecha, Milan"]
[Result "0-1"]
[WhiteElo "2105"]
[BlackElo "1915"]
[PlyCount "68"]
[EventDate "1996.??.??"]
[EventRounds "9"]
[EventCountry "CZE"]
[Source "ChessBase"]
[SourceDate "1996.11.15"]

1. e4 c5 2. Nf3 d6 3. d4 cxd4 4. Nxd4 Nf6 5. Nc3 Nc6 6. Be3 e5 7. Nf3 h6 8. Bc4
Be6 9. Bb3 Be7 10. Qe2 O-O 11. Rd1 a6 12. a4 Qc7 13. O-O b6 14. Nd5 Bxd5 15.
Bxd5 Nxd5 16. Rxd5 Rfd8 17. c3 Na5 18. Nd2 Rdc8 19. Qg4 Kh8 20. Qh5 Bf8 21. Nf3
Nc4 22. Bc1 Qe7 23. Rfd1 Rd8 24. b3 Na5 25. Ba3 Qf6 26. Bc1 Rdc8 27. b4 Nc4 28.
R1d3 b5 29. a5 Qg6 30. Qh3 Qxe4 31. Kf1 Qg6 32. Ng5 Kg8 33. Nxf7 Qxf7 34. Qg3
Kh8 0-1

[Event "Plzen op-A U18"]
[Site "Plzen"]
[Date "1996.??.??"]
[Round "2"]
[White "Stankova, Zuzana"]
[Black "Cichy, Miroslav"]
[Result "1/2-1/2"]
[WhiteElo "2105"]
[BlackElo "1925"]
[PlyCount "104"]
[EventDate "1996.??.??"]
[EventRounds "9"]
[EventCountry "CZE"]
[Source "ChessBase"]
[SourceDate "1996.11.15"]

1. e4 c5 2. f4 d5 3. exd5 Nf6 4. Nf3 Nxd5 5. c3 Nxf4 6. Qa4+ Nc6 7. Qxf4 e5 8.
Qg3 e4 9. Ne5 Bd6 10. Qxg7 Bxe5 11. Qh6 Qd6 12. Qxd6 Bxd6 13. d3 Bf5 14. dxe4
Bxe4 15. Nd2 Bg6 16. Bb5 O-O-O 17. Bxc6 bxc6 18. O-O Rhe8 19. Nf3 Bd3 20. Re1
Rxe1+ 21. Nxe1 Be2 22. Kf2 Re8 23. Be3 Bh5 24. g3 c4 25. Nf3 c5 26. Rd1 Kc7 27.
Rd5 Bxf3 28. Kxf3 Kc6 29. Rf5 Re7 30. Rf6 Kd5 31. Rh6 f5 32. Rf6 Ke5 33. Rf8
Ke6 34. Bf4 Rd7 35. Bxd6 Rxd6 36. Re8+ Kf6 37. Re2 Rd1 38. h3 Ra1 39. a3 Rd1
40. g4 Rd3+ 41. Re3 fxg4+ 42. hxg4 Kg5 43. b4 cxb4 44. Rxd3 cxd3 45. axb4 d2
46. Ke2 Kxg4 47. c4 Kf5 48. Kxd2 Ke5 49. Ke3 h5 50. Kf3 Kd4 51. c5 Kd5 52. Kf4
a5 1/2-1/2

[Event "Plzen op-A U18"]
[Site "Plzen"]
[Date "1996.??.??"]
[Round "9"]
[White "Stankova, Zuzana"]
[Black "Prokop, Jacek"]
[Result "0-1"]
[WhiteElo "2105"]
[BlackElo "1980"]
[PlyCount "126"]
[EventDate "1996.??.??"]
[EventRounds "9"]
[EventCountry "CZE"]
[Source "ChessBase"]
[SourceDate "1996.11.15"]

1. e4 d6 2. d4 Nf6 3. Nc3 g6 4. f4 Bg7 5. Nf3 c5 6. dxc5 Qa5 7. Bd2 Qxc5 8.
Bb5+ Bd7 9. Bxd7+ Nbxd7 10. Qe2 O-O 11. h3 Nb6 12. Qe3 Qxe3+ 13. Bxe3 Nc4 14.
Kf2 Nxb2 15. Rab1 Rfc8 16. Bd4 Nc4 17. Rxb7 e5 18. fxe5 dxe5 19. Nxe5 Nxe5 20.
Bxe5 Ng4+ 21. hxg4 Bxe5 22. Ne2 Rxc2 23. Rd1 Rxa2 24. Rdd7 Rf8 25. Rxa7 Bd4+
26. Rxd4 Rxa7 27. Rd3 Kg7 28. Kf3 Re8 29. Ng3 Re6 30. Nh1 Ra2 31. Re3 Kh6 32.
Kg3 Rea6 33. Nf2 R6a3 34. Rf3 g5 35. Nd3 Rd2 36. Ne5 Rxf3+ 37. gxf3 f6 38. Nc4
Rc2 39. Ne3 Ra2 40. Nf5+ Kg6 41. Ne7+ Kf7 42. Nf5 Ke6 43. Ng7+ Ke5 44. Nf5 Ra5
45. Ne7 Rc5 46. Nf5 Rb5 47. Ng7 Kd4 48. Nh5 Rb6 49. Ng7 Kd3 50. Nf5 Rb3 51. Kg2
Rb2+ 52. Kf1 Ra2 53. Ke1 Kc4 54. Kf1 Kc5 55. Ke1 Kc6 56. Nd4+ Kd6 57. Ne2 Kc5
58. Kf1 Kc4 59. Ng3 Kd4 60. Nh5 Ke3 61. Nxf6 Kxf3 62. Kg1 Kg3 63. Kf1 Rf2+ 0-1

[Event "Plzen op-A U18"]
[Site "Plzen"]
[Date "1996.??.??"]
[Round "4"]
[White "Stankova, Zuzana"]
[Black "Svab, Jan"]
[Result "0-1"]
[WhiteElo "2105"]
[BlackElo "1930"]
[PlyCount "76"]
[EventDate "1996.??.??"]
[EventRounds "9"]
[EventCountry "CZE"]
[Source "ChessBase"]
[SourceDate "1996.11.15"]

1. e4 c5 2. f4 d5 3. exd5 Nf6 4. Nf3 Nxd5 5. c3 Bf5 6. Qb3 Nb6 7. Bb5+ Bd7 8.
Ne5 e6 9. O-O Bd6 10. Nxd7 N8xd7 11. f5 exf5 12. Re1+ Be7 13. a4 O-O 14. a5 Nc8
15. d4 Bd6 16. g3 Nf6 17. Bd3 Qd7 18. Bg5 f4 19. Bxf6 gxf6 20. Qd5 Ne7 21. Rxe7
Qxe7 22. Bxh7+ Kg7 23. Be4 fxg3 24. hxg3 Bxg3 25. Nd2 Qe6 26. Qxe6 fxe6 27.
Bxb7 Rab8 28. a6 cxd4 29. cxd4 Bf4 30. Nf3 Rfd8 31. Kf2 Bc7 32. Ke3 Bb6 33. Ke4
Kf7 34. Rc1 Rg8 35. Rg1 Rxg1 36. Nxg1 Rg8 37. Ne2 Rh8 38. b4 Rh3 0-1

[Event "Plzen op-A U18"]
[Site "Plzen"]
[Date "1996.??.??"]
[Round "8"]
[White "Stankova, Zuzana"]
[Black "Zugaj, Zvijezdana"]
[Result "0-1"]
[WhiteElo "2105"]
[BlackElo "1925"]
[PlyCount "119"]
[EventDate "1996.??.??"]
[EventRounds "9"]
[EventCountry "CZE"]
[Source "ChessBase"]
[SourceDate "1996.11.15"]

1. e4 d6 2. d4 Nf6 3. Bd3 c6 4. Ne2 e5 5. O-O g6 6. Nd2 Bg7 7. c3 O-O 8. f4
Nbd7 9. fxe5 dxe5 10. Nc4 b5 11. Ne3 Qb6 12. a4 bxa4 13. Qxa4 Re8 14. Ng3 Bb7
15. Nc4 Qc7 16. Qa5 Qb8 17. Re1 h5 18. Bg5 Ng4 19. Qb4 Bf8 20. Qb3 Kg7 21. Na5
Bc8 22. Qxb8 Nxb8 23. Rf1 f6 24. Bd2 h4 25. Ne2 Re6 26. b4 Be7 27. Ra3 Ba6 28.
Bxa6 Nxa6 29. Nc4 Nc7 30. h3 Nh6 31. dxe5 fxe5 32. Rfa1 Nb5 33. Ra6 Nf7 34. Be3
Ng5 35. R1a5 Rd8 36. Bxg5 Bxg5 37. Kf2 Rd1 38. Rxb5 Rf6+ 39. Nf4 Rxf4+ 40. Ke2
cxb5 41. Rxa7+ Kh6 42. Kxd1 bxc4 43. b5 Rf6 44. Rc7 Rb6 45. Rc5 Bf4 46. Ke2 Kg5
47. Kf3 Bh2 48. Rxc4 Rxb5 49. Rc6 Bg1 50. Re6 Rc5 51. Ke2 Rxc3 52. Rxe5+ Kf4
53. Re6 g5 54. Kf1 Bd4 55. Re8 Re3 56. Rf8+ Kxe4 57. Re8+ Kf4 58. Rf8+ Kg3 59.
Rg8 Re5 60. Re8 0-1